000 00469nam a2200205Ia 4500
003 OSt
005 20250703154311.0
008 210210b1979 xxu||||| |||| 00| 0 eng d
040 _cAL
041 _aEnglish
082 _a515.9 AHLC
100 _aLars V Ahlfors
_939960
245 _aComplex analysis
250 _a3
260 _aNY
_bMcGraw Hill Book Co.
_c1979
300 _axiv,331
690 _aComplex Analysis
_939961
906 _a034996
942 _2ddc
_cBK
999 _c85805
_d85805